000 00404nam a2200157Ia 4500
008 230711s9999||||xx |||||||||||||| ||und||
041 _aENG
082 _a621.3
_bTH-E
100 _aTheraja,A.K
245 2 _aA textbook of electrical technology-III
250 _a23rd Ed.
260 _c2016
_aNew Delhi
_bS.Chand & Company Ltd
650 _aElectrical Engineering
700 _aTheraja,B.L
942 _cBK
999 _c7686
_d7686